[Event "Memorial Hanaka Frantiska"]
[Site "?"]
[Date "2010.??.??"]
[Round "?"]
[White "Kouba, Petr"]
[Black "Pirhala, Ladislav"]
[Result "1/2-1/2"]
[WhiteElo "2356"]
[BlackElo "2367"]
[PlyCount "103"]
[EventDate "2010.??.??"]
[EventType "corr"]

1. d4 Nf6 2. Bg5 Ne4 3. Bf4 c5 4. f3 Qa5+ 5. c3 Nf6 6. d5 Qb6 7. Bc1 e6 8. e4
exd5 9. exd5 Bd6 10. c4 O-O 11. Bd3 Be5 12. Nc3 Bxc3+ 13. bxc3 h6 14. h4 d6 15.
g4 Nbd7 16. g5 Nh5 17. f4 Qa5 18. Kf2 b5 19. Bd2 bxc4 20. Be2 Nhf6 21. gxf6
Nxf6 22. Bxc4 Ba6 23. Be2 Rab8 24. Qc2 Rfe8 25. Bf3 Qb5 26. Kg3 Qc4 27. Nh3 Bb7
28. Rab1 Bxd5 29. Rxb8 Rxb8 30. Bxd5 Qxd5 31. Re1 Nh5+ 32. Kf2 f5 33. Re3 Qf7
34. Be1 c4 35. Kg1 Qg6+ 36. Qg2 Qf7 37. Qe2 Kh7 38. Re7 Qg6+ 39. Qg2 Qf6 40.
Re2 Rb1 41. Kh2 Ra1 42. Qd5 Qg6 43. Rg2 Nf6 44. Rxg6 Nxd5 45. Rxd6 Nf6 46. Bf2
Rxa2 47. Kg1 Ne4 48. Rc6 a5 49. Rxc4 Kg6 50. Rc7 Kh5 51. Rxg7 a4 52. Bd4
1/2-1/2

[Event "Memorial Hanaka Frantiska"]
[Site "?"]
[Date "2010.??.??"]
[Round "?"]
[White "Dedina, Miroslav"]
[Black "Kouba, Petr"]
[Result "1/2-1/2"]
[WhiteElo "2308"]
[BlackElo "2356"]
[PlyCount "36"]
[EventDate "2010.??.??"]
[EventType "corr"]

1. c4 c6 2. e4 d5 3. exd5 cxd5 4. cxd5 Nf6 5. Nc3 Nxd5 6. d4 Nc6 7. Nf3 Bg4 8.
Bc4 e6 9. O-O Be7 10. h3 Bh5 11. Re1 O-O 12. Bxd5 exd5 13. a3 Qd6 14. Qd3 Bf6
15. Ne5 Nxe5 16. dxe5 Bxe5 17. Qxd5 Qxd5 18. Nxd5 Rfe8 1/2-1/2

[Event "Memorial Hanaka Frantiska"]
[Site "?"]
[Date "2010.??.??"]
[Round "?"]
[White "Kouba, Petr"]
[Black "Valinová, Jana"]
[Result "1/2-1/2"]
[WhiteElo "2356"]
[BlackElo "2361"]
[PlyCount "37"]
[EventDate "2010.??.??"]
[EventType "corr"]

1. d4 d5 2. Nc3 Nf6 3. Bg5 Nbd7 4. Nf3 e6 5. e3 Bb4 6. a3 Bxc3+ 7. bxc3 c5 8.
c4 Qa5+ 9. Qd2 Qa4 10. Bxf6 Nxf6 11. cxd5 Ne4 12. Qd3 exd5 13. Qb5+ Bd7 14.
Qxa4 Bxa4 15. Bd3 O-O 16. c4 cxd4 17. Nxd4 Nc5 18. Ke2 Rfd8 19. Rhc1 1/2-1/2

[Event "Memorial Hanaka Frantiska"]
[Site "?"]
[Date "2010.??.??"]
[Round "?"]
[White "Valák, Alois"]
[Black "Kouba, Petr"]
[Result "1/2-1/2"]
[WhiteElo "2432"]
[BlackElo "2356"]
[PlyCount "50"]
[EventDate "2010.??.??"]
[EventType "corr"]

1. d4 d5 2. c4 c6 3. Nf3 Nf6 4. Nc3 e6 5. e3 Nbd7 6. Qc2 Bd6 7. Bd3 O-O 8. O-O
h6 9. e4 dxe4 10. Nxe4 Nxe4 11. Bxe4 Nf6 12. Bd3 b6 13. Bd2 Bb7 14. Bc3 c5 15.
dxc5 Bxc5 16. Rad1 Qe7 17. Qe2 Rfd8 18. a3 Nh5 19. Rfe1 Rac8 20. b4 Bd6 21. g3
Nf6 22. Ne5 Qc7 23. Ng4 Nxg4 24. Qxg4 Bf8 25. Re3 Qc6 1/2-1/2

[Event "Memorial Hanaka Frantiska"]
[Site "?"]
[Date "2010.??.??"]
[Round "?"]
[White "Kouba, Petr"]
[Black "Sýkora, Josef"]
[Result "1/2-1/2"]
[WhiteElo "2356"]
[BlackElo "2291"]
[PlyCount "51"]
[EventDate "2010.??.??"]
[EventType "corr"]

1. d4 Nf6 2. Bg5 e6 3. e4 h6 4. Bxf6 Qxf6 5. Nc3 Bb4 6. Nf3 Bxc3+ 7. bxc3 b6 8.
Bd3 Bb7 9. O-O O-O 10. Nd2 d5 11. f4 c5 12. Qg4 Ba6 13. e5 Qe7 14. c4 dxc4 15.
Nxc4 Nc6 16. f5 Qd7 17. c3 exf5 18. Bxf5 Qc7 19. Ne3 Bxf1 20. Rxf1 cxd4 21.
cxd4 Ne7 22. Bc2 Qc3 23. Qe4 g6 24. Bb3 Rad8 25. Rd1 h5 26. Qf4 1/2-1/2

[Event "Memorial Hanaka Frantiska"]
[Site "?"]
[Date "2010.??.??"]
[Round "?"]
[White "Kostál, Jindrich"]
[Black "Kouba, Petr"]
[Result "1-0"]
[WhiteElo "2343"]
[BlackElo "2356"]
[PlyCount "87"]
[EventDate "2010.??.??"]
[EventType "corr"]

1. e4 c5 2. Nf3 d6 3. d4 cxd4 4. Nxd4 Nf6 5. Nc3 a6 6. Be3 e5 7. Nb3 Be6 8. Qd2
Be7 9. f3 h5 10. Nd5 Nxd5 11. exd5 Bf5 12. Be2 Nd7 13. O-O h4 14. Na5 Qc7 15.
Rac1 h3 16. g4 Bg6 17. b4 O-O 18. c4 Rad8 19. Rfd1 Nf6 20. g5 Nh5 21. c5 Nf4
22. Bxf4 exf4 23. Qxf4 Rde8 24. Kf1 f6 25. cxd6 Bxd6 26. Rxc7 Bxf4 27. d6 Bxh2
28. Rc3 Bf5 29. g6 Be5 30. Bc4+ Kh8 31. Re3 b5 32. Bd3 Be6 33. Bb1 Bxd6 34.
Rxd6 h2 35. Kg2 Bh3+ 36. Kxh2 Rxe3 37. Kxh3 Rxf3+ 38. Kg2 Re3 39. Rxa6 Re2+ 40.
Kg3 Rb2 41. Bd3 Rxb4 42. Rd6 Ra4 43. Nc6 f5 44. Bxf5 1-0

[Event "Memorial Hanaka Frantiska"]
[Site "?"]
[Date "2010.??.??"]
[Round "?"]
[White "Kouba, Petr"]
[Black "Pecka, Josef"]
[Result "1/2-1/2"]
[WhiteElo "2356"]
[BlackElo "2363"]
[PlyCount "41"]
[EventDate "2010.??.??"]
[EventType "corr"]

1. d4 Nf6 2. Bg5 d5 3. Nc3 Nbd7 4. Nf3 e6 5. e3 h6 6. Bh4 Bb4 7. a3 Bxc3+ 8.
bxc3 c5 9. c4 O-O 10. cxd5 exd5 11. dxc5 g5 12. Bg3 Ne4 13. Qd4 Ndxc5 14. Nd2
Nxd2 15. Kxd2 Ne4+ 16. Kd1 Bf5 17. f3 Re8 18. fxe4 Rxe4 19. Qb2 d4 20. Bd3 dxe3
21. Ke2 1/2-1/2

[Event "Memorial Hanaka Frantiska"]
[Site "?"]
[Date "2010.??.??"]
[Round "?"]
[White "Urbánek, Stepán"]
[Black "Kouba, Petr"]
[Result "1/2-1/2"]
[WhiteElo "2280"]
[BlackElo "2356"]
[PlyCount "44"]
[EventDate "2010.??.??"]
[EventType "corr"]

1. d4 d5 2. Nf3 Nf6 3. e3 c5 4. dxc5 e6 5. c4 Bxc5 6. a3 O-O 7. Nc3 dxc4 8.
Bxc4 Qxd1+ 9. Kxd1 b6 10. Ke2 Bb7 11. Rd1 Be7 12. Kf1 Nc6 13. Bd2 Rac8 14. Be1
Na5 15. Be2 Nb3 16. Rab1 Nd5 17. Nxd5 Bxd5 18. Nd2 Bf6 19. f3 Nxd2+ 20. Rxd2
Bg5 21. Kf2 Rc7 22. f4 Bf6 1/2-1/2

[Event "Memorial Hanaka Frantiska"]
[Site "?"]
[Date "2010.??.??"]
[Round "?"]
[White "Kouba, Petr"]
[Black "Kýhos, Alois"]
[Result "1-0"]
[WhiteElo "2356"]
[BlackElo "2318"]
[PlyCount "85"]
[EventDate "2010.??.??"]
[EventType "corr"]

1. d4 Nf6 2. Bg5 c5 3. d5 Ne4 4. Bf4 Qb6 5. Bc1 g6 6. f3 Nd6 7. e4 Bg7 8. Nc3
O-O 9. h4 h6 10. Nh3 h5 11. Nf2 f5 12. exf5 Nxf5 13. Nce4 Nd6 14. c3 Nxe4 15.
Nxe4 d6 16. Qc2 Nd7 17. Bg5 Rf7 18. Nd2 Ne5 19. Nc4 Nxc4 20. Bxc4 Bf5 21. Qd2
a6 22. O-O Re8 23. Rae1 Qc7 24. g4 hxg4 25. fxg4 Bxg4 26. Rxf7 Kxf7 27. Qf4+
Bf5 28. h5 Bf6 29. hxg6+ Bxg6 30. Re6 Qd8 31. Be2 Kg7 32. Bg4 b6 33. Bxf6+ exf6
34. Rxd6 Re4 35. Rxd8 Rxf4 36. Bc8 Bd3 37. d6 Rf1+ 38. Kg2 Rd1 39. Be6 f5 40.
d7 Be4+ 41. Kf2 Kf6 42. Re8 Bc6 43. d8=Q+ 1-0

[Event "Memorial Hanaka Frantiska"]
[Site "?"]
[Date "2010.??.??"]
[Round "?"]
[White "Canibal, Jaromír"]
[Black "Kouba, Petr"]
[Result "1/2-1/2"]
[WhiteElo "2324"]
[BlackElo "2356"]
[PlyCount "27"]
[EventDate "2010.??.??"]
[EventType "corr"]

1. e4 c5 2. b3 d6 3. Bb2 Nf6 4. Nc3 Nc6 5. Nf3 g6 6. Nd5 e5 7. Bb5 Bg7 8. Nxf6+
Qxf6 9. h3 O-O 10. O-O Be6 11. Bc4 Rad8 12. Re1 Rfe8 13. Bxe6 Qxe6 14. c4
1/2-1/2

[Event "Memorial Hanaka Frantiska"]
[Site "?"]
[Date "2010.??.??"]
[Round "?"]
[White "Kouba, Petr"]
[Black "Laurenc, Petr"]
[Result "1/2-1/2"]
[WhiteElo "2356"]
[BlackElo "2346"]
[PlyCount "46"]
[EventDate "2010.??.??"]
[EventType "corr"]

1. d4 d5 2. Nc3 Nf6 3. Bg5 Nbd7 4. Nf3 e6 5. e3 Be7 6. Bd3 c5 7. O-O O-O 8. Ne5
Nxe5 9. dxe5 Nd7 10. Bxe7 Qxe7 11. f4 f6 12. Qh5 g6 13. exf6 Nxf6 14. Qg5 Bd7
15. b3 Rae8 16. e4 c4 17. bxc4 dxc4 18. Be2 Bc6 19. Rad1 Nxe4 20. Nxe4 Bxe4 21.
Qxe7 Rxe7 22. Rd4 Bd5 23. Bxc4 Bxc4 1/2-1/2

[Event "Memorial Hanaka Frantiska"]
[Site "?"]
[Date "2010.??.??"]
[Round "?"]
[White "Nedoma, Petr"]
[Black "Kouba, Petr"]
[Result "1-0"]
[WhiteElo "2403"]
[BlackElo "2356"]
[PlyCount "109"]
[EventDate "2010.??.??"]
[EventType "corr"]

1. d4 d5 2. c4 c6 3. Nf3 Nf6 4. Nc3 e6 5. e3 Nbd7 6. Bd3 dxc4 7. Bxc4 b5 8. Bd3
Bd6 9. O-O Bb7 10. e4 e5 11. Bg5 h6 12. Bh4 O-O 13. dxe5 Nxe5 14. Nxe5 Bxe5 15.
f4 Bxc3 16. bxc3 Qb6+ 17. Kh1 c5 18. e5 Nd5 19. Qe1 Rae8 20. Rb1 b4 21. Qg3 Kh8
22. c4 Ne7 23. f5 f6 24. Rfe1 fxe5 25. Qxe5 Ng8 26. Qxe8 Rxe8 27. Rxe8 Qc6 28.
Re2 Qd6 29. Rd1 Qd4 30. f6 gxf6 31. Bg3 Qg4 32. Rdd2 a5 33. Rf2 a4 34. Bf1 Qc8
35. Rfe2 Qg4 36. Re3 Qg5 37. Bf2 Qf4 38. Kg1 Be4 39. Rd8 Qc7 40. Re8 Bc6 41.
R8e6 Kg7 42. h3 Bd7 43. Ra6 Bc6 44. Re6 Bd7 45. Red6 Be8 46. Be3 h5 47. Bf2 Ne7
48. Re6 b3 49. axb3 axb3 50. Reb6 Ba4 51. Bd3 h4 52. Bxh4 Qf4 53. Bxf6+ Kf7 54.
Bg6+ Nxg6 55. Rb7+ 1-0

[Event "Memorial Hanaka Frantiska"]
[Site "?"]
[Date "2010.??.??"]
[Round "?"]
[White "Kouba, Petr"]
[Black "Mezera, Lukás"]
[Result "1-0"]
[WhiteElo "2356"]
[BlackElo "2314"]
[PlyCount "121"]
[EventDate "2010.??.??"]
[EventType "corr"]

1. d4 Nf6 2. Bg5 Ne4 3. Bf4 c5 4. f3 Qa5+ 5. c3 Nf6 6. d5 Qb6 7. Bc1 g6 8. Nh3
d6 9. Nf2 Bg7 10. e4 e6 11. c4 O-O 12. Nc3 exd5 13. cxd5 Na6 14. Be2 Ne8 15.
O-O f5 16. a4 Qd8 17. Be3 Nb4 18. Qd2 b6 19. Rae1 a6 20. Bc4 Ra7 21. Re2 Nf6
22. Bg5 fxe4 23. fxe4 h6 24. Bxh6 Nd7 25. Bxg7 Kxg7 26. Ng4 Rxf1+ 27. Kxf1 Nf8
28. Ne3 Nd7 29. Rf2 Ne5 30. Kg1 Rf7 31. b3 Qg5 32. Rxf7+ Kxf7 33. Qf2+ Ke8 34.
h4 Qe7 35. Qg3 Kd8 36. Bf1 Bd7 37. Nc4 Nxc4 38. bxc4 Be8 39. e5 Qxe5 40. Qxe5
dxe5 41. Kf2 Nc2 42. g4 Nd4 43. Be2 Nxe2 44. Kxe2 Ke7 45. Kd2 Kd8 46. a5 bxa5
47. Ne4 a4 48. Nxc5 Kc7 49. Kc3 a5 50. Kb2 Bd7 51. h5 gxh5 52. gxh5 a3+ 53.
Kxa3 Bf5 54. h6 e4 55. Ne6+ Kd6 56. Nd4 Bh7 57. Nb5+ Ke7 58. d6+ Kd7 59. c5 Bg6
60. Nd4 e3 61. Ka4 1-0

[Event "Memorial Hanaka Frantiska"]
[Site "?"]
[Date "2010.??.??"]
[Round "?"]
[White "Ertl, Lubos"]
[Black "Kouba, Petr"]
[Result "0-1"]
[WhiteElo "2316"]
[BlackElo "2356"]
[PlyCount "36"]
[EventDate "2010.??.??"]
[EventType "corr"]

1. e4 c5 2. Nf3 d6 3. d4 cxd4 4. Nxd4 Nf6 5. Nc3 a6 6. Be3 e5 7. Nb3 Be6 8. f3
Be7 9. Qd2 h5 10. Nd5 Nxd5 11. exd5 Bf5 12. Be2 Nd7 13. O-O h4 14. Na5 Qc7 15.
Rac1 h3 16. g4 Bg6 17. b4 O-O 18. c4 Rad8 0-1

[Event "Memorial Hanaka Frantiska"]
[Site "?"]
[Date "2010.??.??"]
[Round "?"]
[White "Pirhala, Ladislav"]
[Black "Dedina, Miroslav"]
[Result "1/2-1/2"]
[WhiteElo "2367"]
[BlackElo "2308"]
[PlyCount "67"]
[EventDate "2010.??.??"]
[EventType "corr"]

1. e4 d6 2. d4 Nf6 3. Nc3 g6 4. Nf3 Bg7 5. Be2 O-O 6. O-O c5 7. d5 e6 8. Bf4
exd5 9. exd5 Bg4 10. h3 Bxf3 11. Bxf3 Qb6 12. Qd2 Nbd7 13. a4 a6 14. a5 Qc7 15.
Rfe1 Rad8 16. g4 Ne5 17. Be2 Rfe8 18. Bg3 h6 19. f4 Ned7 20. Bf3 Rxe1+ 21. Bxe1
Re8 22. Kg2 Kh7 23. Bh4 Kg8 24. Bf2 Kh8 25. Ra4 Kh7 26. b3 Qd8 27. g5 Ng8 28.
Ne4 Qc7 29. b4 c4 30. h4 Ne7 31. c3 Nf5 32. h5 Kg8 33. hxg6 fxg6 34. Ra1
1/2-1/2

[Event "Memorial Hanaka Frantiska"]
[Site "?"]
[Date "2010.??.??"]
[Round "?"]
[White "Valinová, Jana"]
[Black "Pirhala, Ladislav"]
[Result "1-0"]
[WhiteElo "2361"]
[BlackElo "2367"]
[PlyCount "61"]
[EventDate "2010.??.??"]
[EventType "corr"]

1. e4 c5 2. Nf3 d6 3. d4 cxd4 4. Nxd4 Nf6 5. Nc3 a6 6. Bg5 e6 7. f4 Be7 8. Qf3
Qc7 9. O-O-O Nbd7 10. g4 b5 11. Bxf6 Nxf6 12. g5 Nd7 13. f5 Nc5 14. f6 gxf6 15.
gxf6 Bf8 16. Rg1 h5 17. a3 Qb6 18. Kb1 Rb8 19. Qe3 Nd7 20. Qe1 b4 21. Na4 Qb7
22. Rg3 bxa3 23. Rxa3 Nc5 24. Nb3 Nxa4 25. Rxa4 Rg8 26. Rxa6 Qc7 27. Ra5 Bd7
28. Rxh5 Rb6 29. Na5 Rb8 30. Qd2 Ra8 31. Bb5 1-0

[Event "Memorial Hanaka Frantiska"]
[Site "?"]
[Date "2010.??.??"]
[Round "?"]
[White "Pirhala, Ladislav"]
[Black "Valák, Alois"]
[Result "1/2-1/2"]
[WhiteElo "2367"]
[BlackElo "2432"]
[PlyCount "86"]
[EventDate "2010.??.??"]
[EventType "corr"]

1. e4 c5 2. Nf3 d6 3. d4 cxd4 4. Nxd4 Nf6 5. Nc3 a6 6. Bg5 e6 7. f4 Qb6 8. Nb3
Nbd7 9. Qf3 Be7 10. O-O-O Qc7 11. Bd3 b5 12. a3 Rb8 13. Rhe1 b4 14. axb4 Rxb4
15. Kb1 h6 16. Qh3 Qb8 17. Kc1 e5 18. f5 Bb7 19. g4 Nc5 20. Nxc5 dxc5 21. b3
Rd4 22. Be3 O-O 23. g5 hxg5 24. Rg1 Nh7 25. Qh5 Rd6 26. Bc4 Rh6 27. Qe2 Rd8 28.
Kb2 Rxd1 29. Rxd1 Qc8 30. Nd5 Bxd5 31. Bxd5 Rh3 32. Bd2 Qe8 33. Qxa6 Nf6 34.
Bc4 Nxe4 35. Be1 Rxh2 36. Bxf7+ Qxf7 37. Qa8+ Kh7 38. Qxe4 Bf6 39. Bg3 Rh3 40.
c3 Qh5 41. Rg1 g4 42. Bxe5 Bxe5 43. Qxe5 Rh2+ 1/2-1/2

[Event "Memorial Hanaka Frantiska"]
[Site "?"]
[Date "2010.??.??"]
[Round "?"]
[White "Sýkora, Josef"]
[Black "Pirhala, Ladislav"]
[Result "1-0"]
[WhiteElo "2291"]
[BlackElo "2367"]
[PlyCount "43"]
[EventDate "2010.??.??"]
[EventType "corr"]

1. c4 Nf6 2. d4 e6 3. Nf3 d5 4. Nc3 c6 5. e3 Nbd7 6. Bd3 dxc4 7. Bxc4 b5 8. Bd3
a6 9. e4 c5 10. d5 c4 11. Bc2 Qc7 12. O-O Bc5 13. Qe2 e5 14. Nd1 O-O 15. b3 Nb6
16. bxc4 Nxc4 17. Bd3 Bg4 18. Ne3 Nxe3 19. Bxe3 Rfc8 20. Rfc1 Qd6 21. Bxc5 Rc6
22. Bxd6 1-0

[Event "Memorial Hanaka Frantiska"]
[Site "?"]
[Date "2010.??.??"]
[Round "?"]
[White "Pirhala, Ladislav"]
[Black "Kostál, Jindrich"]
[Result "1/2-1/2"]
[WhiteElo "2367"]
[BlackElo "2343"]
[PlyCount "53"]
[EventDate "2010.??.??"]
[EventType "corr"]

1. e4 e5 2. Nf3 Nc6 3. Bb5 a6 4. Ba4 Nf6 5. O-O Be7 6. Re1 b5 7. Bb3 d6 8. c3
O-O 9. h3 Bb7 10. d4 Re8 11. Nbd2 Bf8 12. a3 h6 13. Bc2 Nb8 14. b3 Nbd7 15. Bb2
c6 16. a4 g6 17. Qe2 Qc7 18. axb5 axb5 19. dxe5 dxe5 20. Nf1 Rxa1 21. Rxa1 Ra8
22. Rxa8 Bxa8 23. Ne3 Bb7 24. b4 Ba8 25. Bd3 Kg7 26. Qd2 Kg8 27. c4 1/2-1/2

[Event "Memorial Hanaka Frantiska"]
[Site "?"]
[Date "2010.??.??"]
[Round "?"]
[White "Pecka, Josef"]
[Black "Pirhala, Ladislav"]
[Result "1/2-1/2"]
[WhiteElo "2363"]
[BlackElo "2367"]
[PlyCount "83"]
[EventDate "2010.??.??"]
[EventType "corr"]

1. e4 c5 2. Nf3 d6 3. d4 cxd4 4. Nxd4 Nf6 5. Nc3 a6 6. Be3 e6 7. f3 b5 8. g4 h6
9. Qd2 Nbd7 10. O-O-O Bb7 11. h4 b4 12. Na4 Qa5 13. b3 Nc5 14. a3 Nxa4 15. axb4
Qc7 16. bxa4 d5 17. e5 Nd7 18. f4 Nb6 19. Rh3 Nxa4 20. Bf2 Be7 21. f5 Bc8 22.
Ra3 Bd7 23. fxe6 fxe6 24. Rxa4 Bxa4 25. Nxe6 Qxe5 26. Qxd5 Qxd5 27. Nc7+ Kf7
28. Rxd5 Rad8 29. Ra5 Bd7 30. Bc4+ Kf8 31. Nd5 Bb5 32. Bxb5 axb5 33. Rxb5 Kf7
34. Nxe7 Kxe7 35. c3 Rb8 36. Re5+ Kd7 37. Bd4 Rhf8 38. g5 Rf4 39. gxh6 gxh6 40.
Rd5+ Kc6 41. Rh5 Rxd4 42. cxd4 1/2-1/2

[Event "Memorial Hanaka Frantiska"]
[Site "?"]
[Date "2010.??.??"]
[Round "?"]
[White "Pirhala, Ladislav"]
[Black "Urbánek, Stepán"]
[Result "1/2-1/2"]
[WhiteElo "2367"]
[BlackElo "2280"]
[PlyCount "37"]
[EventDate "2010.??.??"]
[EventType "corr"]

1. e4 e6 2. d4 d5 3. Nc3 Nf6 4. Bg5 dxe4 5. Nxe4 Nbd7 6. Nf3 h6 7. Nxf6+ Nxf6
8. Bh4 c5 9. Bb5+ Bd7 10. Bxd7+ Qxd7 11. Qe2 Be7 12. O-O-O O-O 13. dxc5 Qc6 14.
Ne5 Qxc5 15. Bxf6 Bxf6 16. Nd7 Bxb2+ 17. Kxb2 Qb4+ 18. Ka1 Qc3+ 19. Kb1 1/2-1/2

[Event "Memorial Hanaka Frantiska"]
[Site "?"]
[Date "2010.??.??"]
[Round "?"]
[White "Kýhos, Alois"]
[Black "Pirhala, Ladislav"]
[Result "1/2-1/2"]
[WhiteElo "2318"]
[BlackElo "2367"]
[PlyCount "96"]
[EventDate "2010.??.??"]
[EventType "corr"]

1. d4 Nf6 2. c4 e6 3. g3 d5 4. Bg2 Be7 5. Nf3 O-O 6. O-O dxc4 7. Qc2 a6 8. a4
Bd7 9. Qxc4 Bc6 10. Bg5 Bd5 11. Qd3 Be4 12. Qe3 Bc6 13. Nc3 Nbd7 14. Qd3 Bb4
15. Qc4 a5 16. Rfd1 h6 17. Bf4 Nb6 18. Qb3 Bxc3 19. bxc3 g5 20. Be5 Ne4 21. Ne1
Qe7 22. c4 Rac8 23. f3 Nf6 24. Bxf6 Qxf6 25. e4 Nd7 26. d5 Nc5 27. Qa3 Bxa4 28.
Qxc5 Bxd1 29. Rxd1 a4 30. Qa3 exd5 31. cxd5 Ra8 32. Bf1 Qd6 33. Nc2 Ra5 34. Kg2
Qxa3 35. Nxa3 Rd8 36. Rc1 c6 37. dxc6 bxc6 38. Rxc6 Rd2+ 39. Kh3 Rf2 40. Ba6
Re5 41. Rc3 h5 42. Bb5 g4+ 43. fxg4 hxg4+ 44. Kxg4 Rxe4+ 45. Kh3 Re6 46. Bxa4
Rh6+ 47. Kg4 Rg6+ 48. Kh3 Rh6+ 1/2-1/2

[Event "Memorial Hanaka Frantiska"]
[Site "?"]
[Date "2010.??.??"]
[Round "?"]
[White "Pirhala, Ladislav"]
[Black "Canibal, Jaromír"]
[Result "1/2-1/2"]
[WhiteElo "2367"]
[BlackElo "2324"]
[PlyCount "52"]
[EventDate "2010.??.??"]
[EventType "corr"]

1. e4 a6 2. d4 e6 3. Nf3 d5 4. Nbd2 c5 5. exd5 exd5 6. Be2 Nf6 7. O-O cxd4 8.
Nb3 Be7 9. Nbxd4 O-O 10. c3 Re8 11. Re1 Nbd7 12. Nf5 Bc5 13. Be3 Qc7 14. g3 h6
15. Bf1 Ne4 16. Bxc5 Ndxc5 17. Ne3 Be6 18. Nxd5 Bxd5 19. Qxd5 Rad8 20. Qh5 Nf6
21. Rxe8+ Rxe8 22. Qf5 Nce4 23. Re1 g6 24. Qf4 Qxf4 25. gxf4 Kg7 26. Bd3 Nc5
1/2-1/2

[Event "Memorial Hanaka Frantiska"]
[Site "?"]
[Date "2010.??.??"]
[Round "?"]
[White "Laurenc, Petr"]
[Black "Pirhala, Ladislav"]
[Result "1/2-1/2"]
[WhiteElo "2346"]
[BlackElo "2367"]
[PlyCount "79"]
[EventDate "2010.??.??"]
[EventType "corr"]

1. e4 e5 2. Nf3 Nc6 3. d4 exd4 4. Nxd4 Bc5 5. Be3 Qf6 6. c3 Nge7 7. Bc4 Ne5 8.
Be2 Qg6 9. O-O d6 10. f3 O-O 11. Kh1 f5 12. Nd2 f4 13. Bf2 a6 14. Nc4 Ba7 15.
a4 Kh8 16. b4 Qf7 17. Nb2 Bd7 18. b5 a5 19. Qd2 Bc5 20. Nd3 N7g6 21. Bd1 Nxd3
22. Qxd3 Ne5 23. Qd2 Qh5 24. Bg1 Rf6 25. Bb3 Raf8 26. h3 Bxh3 27. gxh3 Qxh3+
28. Qh2 Rh6 29. Qxh3 Rxh3+ 30. Kg2 Rg3+ 31. Kh1 Bxd4 32. Bxd4 Nxf3 33. Bd1 Ng5
34. Re1 f3 35. Ra2 Rf4 36. Rh2 Nxe4 37. b6 cxb6 38. Bc2 f2 39. Bxf2 Rxf2 40.
Bxe4 1/2-1/2

[Event "Memorial Hanaka Frantiska"]
[Site "?"]
[Date "2010.??.??"]
[Round "?"]
[White "Pirhala, Ladislav"]
[Black "Nedoma, Petr"]
[Result "1/2-1/2"]
[WhiteElo "2367"]
[BlackElo "2403"]
[PlyCount "86"]
[EventDate "2010.??.??"]
[EventType "corr"]

1. e4 e5 2. Nf3 Nc6 3. Bb5 a6 4. Ba4 Nf6 5. O-O Be7 6. Re1 b5 7. Bb3 O-O 8. c3
d5 9. exd5 Nxd5 10. Nxe5 Nxe5 11. Rxe5 c6 12. d4 Bd6 13. Re1 Qh4 14. g3 Qh3 15.
Be3 Be6 16. Nd2 Bg4 17. Qc2 Bf5 18. Qc1 h6 19. Bxd5 cxd5 20. Qd1 Bg4 21. f3 Bd7
22. Qe2 Qf5 23. Nf1 Rae8 24. b4 Rc8 25. Bd2 Rfe8 26. Ne3 Qg6 27. Qf2 h5 28. Ng2
Qd3 29. Rxe8+ Rxe8 30. Re1 Re6 31. Rxe6 Bxe6 32. Be1 g6 33. Qe3 Qb1 34. Qe2 Kg7
35. Ne3 g5 36. Kg2 Qg6 37. Kf2 h4 38. Kf1 Bh3+ 39. Kg1 Qe6 40. g4 Kf8 41. Bd2
Bf4 42. Qd3 Bxe3+ 43. Bxe3 Kg7 1/2-1/2

[Event "Memorial Hanaka Frantiska"]
[Site "?"]
[Date "2010.??.??"]
[Round "?"]
[White "Mezera, Lukás"]
[Black "Pirhala, Ladislav"]
[Result "1/2-1/2"]
[WhiteElo "2314"]
[BlackElo "2367"]
[PlyCount "53"]
[EventDate "2010.??.??"]
[EventType "corr"]

1. e4 c5 2. f4 Nc6 3. Nf3 e6 4. Qe2 Be7 5. g3 d5 6. d3 Nf6 7. Bg2 O-O 8. O-O b5
9. e5 Nd7 10. c3 Nb6 11. Be3 a5 12. Nbd2 Qc7 13. Nb3 Nd7 14. Qf2 Qa7 15. a3 Rb8
16. Nbd2 a4 17. d4 Na5 18. g4 cxd4 19. Nxd4 Qc7 20. Nc2 Nc4 21. Nxc4 bxc4 22.
Nb4 f6 23. exf6 Nxf6 24. h3 Ne4 25. Bxe4 dxe4 26. Rad1 g5 27. Qd2 1/2-1/2

[Event "Memorial Hanaka Frantiska"]
[Site "?"]
[Date "2010.??.??"]
[Round "?"]
[White "Pirhala, Ladislav"]
[Black "Ertl, Lubos"]
[Result "1-0"]
[WhiteElo "2367"]
[BlackElo "2316"]
[PlyCount "83"]
[EventDate "2010.??.??"]
[EventType "corr"]

1. e4 c5 2. Nf3 Nc6 3. d4 cxd4 4. Nxd4 Nf6 5. Nc3 e5 6. Ndb5 d6 7. Bg5 a6 8.
Na3 b5 9. Nd5 Be7 10. Bxf6 Bxf6 11. c3 O-O 12. Nc2 Bg5 13. a4 bxa4 14. Rxa4 a5
15. Ra2 Ne7 16. Bc4 Rb8 17. Nce3 Nxd5 18. Nxd5 Bd7 19. b3 Kh8 20. O-O f5 21.
exf5 Bxf5 22. Qe2 Bd7 23. Rfa1 a4 24. bxa4 Qa5 25. Bb5 Be6 26. Qd3 Rb7 27. Kh1
Rbf7 28. f3 Bf5 29. Qe2 Rc8 30. c4 Be6 31. Rd1 Rff8 32. h3 Rc5 33. f4 Bxf4 34.
Nxf4 Rxf4 35. Rad2 Bxc4 36. Rxd6 g6 37. Bxc4 Rcxc4 38. R6d5 Qc3 39. Rxe5 Rf7
40. Re7 Rc7 41. Rxc7 Rxc7 42. Qb5 1-0

[Event "Memorial Hanaka Frantiska"]
[Site "?"]
[Date "2010.??.??"]
[Round "?"]
[White "Dedina, Miroslav"]
[Black "Valinová, Jana"]
[Result "1/2-1/2"]
[WhiteElo "2308"]
[BlackElo "2361"]
[PlyCount "26"]
[EventDate "2010.??.??"]
[EventType "corr"]

1. c4 c6 2. e4 d5 3. exd5 cxd5 4. cxd5 Nf6 5. Bb5+ Nbd7 6. Nf3 a6 7. Ba4 b5 8.
Bb3 Bb7 9. O-O Bxd5 10. Bxd5 Nxd5 11. Nc3 N7f6 12. a4 b4 13. Nxd5 Qxd5 1/2-1/2

[Event "Memorial Hanaka Frantiska"]
[Site "?"]
[Date "2010.??.??"]
[Round "?"]
[White "Valák, Alois"]
[Black "Dedina, Miroslav"]
[Result "1/2-1/2"]
[WhiteElo "2432"]
[BlackElo "2308"]
[PlyCount "91"]
[EventDate "2010.??.??"]
[EventType "corr"]

1. d4 Nf6 2. c4 e6 3. Nf3 d5 4. Nc3 dxc4 5. e4 Bb4 6. Bg5 b5 7. a4 c6 8. axb5
cxb5 9. e5 h6 10. Bh4 g5 11. Nxg5 hxg5 12. Bxg5 Nbd7 13. Qf3 Rb8 14. exf6 Bb7
15. Qg3 Rg8 16. h4 a5 17. h5 Nxf6 18. h6 Rxg5 19. Qxg5 Qxd4 20. Rh3 Rd8 21. Be2
Ne4 22. Qe3 Qxe3 23. Rxe3 f5 24. Kf1 Kf7 25. Nxb5 Kg6 26. Nc3 Bc5 27. Rh3 Nxf2
28. Rh4 Bb6 29. Ra3 Rh8 30. h7 Bd8 31. Rxc4 Nh1 32. Rd4 Ng3+ 33. Ke1 Be7 34.
Rxa5 Nxe2 35. Nxe2 Rxh7 36. Nf4+ Kf6 37. Kf2 Rh1 38. b4 Rb1 39. Rb5 Rb2+ 40.
Ke3 Rb3+ 41. Kd2 Be4 42. g4 Kf7 43. g5 Bxg5 44. Rxe4 fxe4 45. Rxg5 e3+ 46. Ke2
1/2-1/2

[Event "Memorial Hanaka Frantiska"]
[Site "?"]
[Date "2010.??.??"]
[Round "?"]
[White "Dedina, Miroslav"]
[Black "Sýkora, Josef"]
[Result "1/2-1/2"]
[WhiteElo "2308"]
[BlackElo "2291"]
[PlyCount "72"]
[EventDate "2010.??.??"]
[EventType "corr"]

1. c4 e5 2. g3 Nf6 3. Bg2 d5 4. cxd5 Nxd5 5. Nf3 Nc6 6. O-O Nb6 7. b3 g6 8. Nc3
Bg7 9. Ba3 a5 10. d3 Nb4 11. Nd2 O-O 12. Bb2 Re8 13. Nc4 c6 14. Qc1 Nxc4 15.
bxc4 Rb8 16. Rd1 Qc7 17. Rb1 Be6 18. Qd2 Red8 19. a3 Na6 20. Qe3 b5 21. cxb5
cxb5 22. Rdc1 Qb6 23. Ne4 Qxe3 24. fxe3 b4 25. Kf2 a4 26. Ra1 Rb6 27. g4 Bxg4
28. axb4 Bd7 29. Bc3 Rc8 30. Be1 Rxc1 31. Rxc1 Bf6 32. Nc5 Bb5 33. Bd2 Bh4+ 34.
Kf1 Be7 35. Nxa6 Bxa6 36. Rc6 Rxc6 1/2-1/2

[Event "Memorial Hanaka Frantiska"]
[Site "?"]
[Date "2010.??.??"]
[Round "?"]
[White "Kostál, Jindrich"]
[Black "Dedina, Miroslav"]
[Result "1/2-1/2"]
[WhiteElo "2343"]
[BlackElo "2308"]
[PlyCount "36"]
[EventDate "2010.??.??"]
[EventType "corr"]

1. e4 d6 2. d4 Nf6 3. Nc3 g6 4. f4 Bg7 5. Nf3 O-O 6. e5 Nfd7 7. Be3 c5 8. exd6
exd6 9. Qd2 Nc6 10. O-O-O Qa5 11. a3 Nf6 12. dxc5 dxc5 13. Bc4 Bg4 14. Rhe1
Rfd8 15. Nd5 Qxd2+ 16. Rxd2 Bxf3 17. gxf3 Nxd5 18. Rxd5 b6 1/2-1/2